000 00374nam a2200145Ia 4500
005 20251222143241.0
008 251222s9999||||xx |||||||||||||| ||spa||
020 _a0-324-11364-1
082 _a330.015.195/W81/2006
100 _aWooldridge, Jeffrey M.
245 0 _aIntroducción a la Econometría:
250 _a2a.ed.
264 _bInternational Thomson
942 _cLIB
999 _c14578
_d14578